Every Class 1 New Jersey Senator - Statistics

General Stats
  • This quiz has been taken 30 times
    16 since last reset
  • The average score is 8 of 42
Answer Stats
Picture Hint Answer % Correct
D(2024-) Andy Kim
100%
D(2006-2024) Bob Menendez
100%
D(1982-2001) Frank R. Lautenberg
67%
D(2024-2024) George Helmy
67%
D(2001-2006) Jon Corzine
67%
D(1935-1938) A. Harry Moore
33%
R(1866-1869) Frederick T. Frelinghuysen
33%
R(1944-1959) H. Alexander Smith
33%
R(1929-1935) Hamilton F. Kean
33%
D(1959-1982) Harrison A. Williams Jr.
33%
D(1893-1899) James Smith Jr.
33%
R(1899-1911) John Kean
33%
R(1809-1815) John Lambert
33%
D(1869-1875) John P. Stockton
33%
R(1917-1923) Joseph S. Frelinghuysen
33%
D(1851-1853) Robert F. Stockton
33%
W(1833-1842) Samuel L. Southard
33%
R(1821-1823) Samuel L. Southard
33%
F(1801-1803) Aaron Ogden
0%
D(1943-1944) Arthur Walsh
0%
D(1923-1929) Edward I. Edwards
0%
A(1826-1829) Ephraim Bateman
0%
F(1798-1799) Franklin Davenport
0%
D(1911-1917) James E. Martine
0%
R(1815-1821) James J. Wilson
0%
F(1799-1801) James Schureman
0%
D(1863-1863) James W. Wall
0%
R(1803-1809) John Condit
0%
D(1938-1938) John G. Milton
0%
D(1853-1862) John R. Thomson
0%
F(1791-1798) John Rutherfurd
0%
PA(1789-1791) Jonathan Elmer
0%
R(1823-1826) Joseph McIlvaine
0%
J(1829-1833) Mahlon Dickerson
0%
R(1982-1982) Nicholas F. Brady
0%
R(1862-1863) Richard S. Field
0%
D(1887-1893) Rufus Blodgett
0%
D(1875-1881) Theodore F. Randolph
0%
R(1881-1887) William J. Sewell
0%
W(1842-1851) William L. Dayton
0%
D(1863-1866) William Wright
0%
R(1938-1943) W. Warren Barbour
0%
No matching quizzes found
Score Distribution
Percent of People with Each Score
Percentile by Number Answered
Your Score History
You have not taken this quiz since the last reset